| 000 | 01825cad a22003255a 4500 | ||
|---|---|---|---|
| 001 | E138714 | ||
| 002 | 16732 | ||
| 008 | 070704s2007 xxk f 001 0 eng d | ||
| 020 | _a9780071470988 | ||
| 035 | _a(Sirsi) u138714 | ||
| 041 | _aeng | ||
| 050 | _a658.404 $2 22 | ||
| 100 | _aReiss, Geoff | ||
| 245 |
_aProject management demystified _h[electronic resource] |
||
| 250 | _a3rd ed. | ||
| 260 |
_aLondon _bTaylor and Francis _c2007 |
||
| 300 | _aeBook | ||
| 350 | _a19.99 | ||
| 505 | 2 | _aSetting the stage -- Getting the words in the right order -- Nine steps to a successful project -- The scope of the project and its objectives -- Project planning -- A fly on the way -- Resource management -- Progress monitoring and control -- Prince2, governance and methodologies -- Advanced critical-path topics -- The people issues -- Programme management -- Issues and risk management -- Terminology | |
| 520 | _aSupersedes 2nd edition (ISBN 0419207503). | ||
| 520 | _aThis practical introduction to project management explains how to use the various project management techniques, how to achieve efficient management of human, material and financial resources, and how to become a successful project manager. This third edition includes a new chapter on governance and methodologies (such as Prince2), a discussion of the problems of managing a portfolio of projects, and a more detailed look at risk management. Examples are taken from many industries, including construction and civil engineering. | ||
| 590 | _aKA | ||
| 650 | 2 | 4 | _aPROJECTS IN CONTROLLED ENVIRONMENTS |
| 650 | 2 | 4 | _aEBOOK |
| 651 | 4 |
_aUnited Kingdom _y |
|
| 690 |
_aProject management _96261 |
||
| 856 | 4 | 8 |
_uhttps://www.vlebooks.com/ _zView on VLEbooks. Logins for members only from [email protected] |
| 942 | _n0 | ||
| 948 | _c04/03/1997 | ||
| 999 |
_c107236 _d107236 |
||